<?xml version="1.0" encoding="UTF-8"?>
<record
    xmlns:xsi="http://www.w3.org/2001/XMLSchema-instance"
    xsi:schemaLocation="http://www.loc.gov/MARC21/slim http://www.loc.gov/standards/marcxml/schema/MARC21slim.xsd"
    xmlns="http://www.loc.gov/MARC21/slim">

  <leader>01251nam a2200277 i 4500</leader>
  <controlfield tag="003">DO-SdBNP</controlfield>
  <controlfield tag="005">20250611130819.0</controlfield>
  <controlfield tag="007">ta</controlfield>
  <controlfield tag="008">250611b2013    dr abd|| |||| 00| 0 spa d</controlfield>
  <datafield tag="020" ind1=" " ind2=" ">
    <subfield code="a">9789945884180</subfield>
  </datafield>
  <datafield tag="040" ind1=" " ind2=" ">
    <subfield code="a">DO-SdBNP</subfield>
    <subfield code="b">spa</subfield>
    <subfield code="c">BNPHU</subfield>
    <subfield code="e">rda</subfield>
  </datafield>
  <datafield tag="041" ind1=" " ind2=" ">
    <subfield code="a">spa</subfield>
  </datafield>
  <datafield tag="082" ind1=" " ind2="4">
    <subfield code="a">xxx</subfield>
    <subfield code="b">I61s</subfield>
    <subfield code="2">22</subfield>
  </datafield>
  <datafield tag="111" ind1="1" ind2=" ">
    <subfield code="a">International Labour Office, Dominican Republic Ministerio de Trabajo, Foro Internacional sobre Empleo y Capacitaci&#xF3;n.</subfield>
    <subfield code="d">30 Octubre 2013 :</subfield>
    <subfield code="n">2do. </subfield>
    <subfield code="c">Santo Domingo</subfield>
    <subfield code="9">88062</subfield>
  </datafield>
  <datafield tag="245" ind1="1" ind2="0">
    <subfield code="a">2do Foro Internacional sobre Empleo y Capacitaci&#xF3;n Motores del Futuro en Santo Domingo /</subfield>
    <subfield code="c">coordinador general, &#xC1;lvaro Ram&#xED;rez Bogante ; coordinadora t&#xE9;cnica, Mirian L&#xF3;pez Jorge ; fotograf&#xED;a, Alfredo Moronta.</subfield>
  </datafield>
  <datafield tag="264" ind1=" " ind2=" ">
    <subfield code="a">Santo Domingo : </subfield>
    <subfield code="b">OIT : Rep&#xFA;blica Dominicana. Ministerio de Trabajo,</subfield>
    <subfield code="c">2013.</subfield>
  </datafield>
  <datafield tag="300" ind1=" " ind2=" ">
    <subfield code="a">55 p&#xE1;ginas :</subfield>
    <subfield code="b">ilustraciones, gr&#xE1;ficos, mapas, retratos ;</subfield>
    <subfield code="c">28 cm. </subfield>
  </datafield>
  <datafield tag="336" ind1=" " ind2=" ">
    <subfield code="a">texto</subfield>
    <subfield code="b">txt</subfield>
    <subfield code="2">rdacontent</subfield>
  </datafield>
  <datafield tag="337" ind1=" " ind2=" ">
    <subfield code="a">sin mediaci&#xF3;n </subfield>
    <subfield code="b">n</subfield>
    <subfield code="2">rdamedia</subfield>
  </datafield>
  <datafield tag="338" ind1=" " ind2=" ">
    <subfield code="a">volumen</subfield>
    <subfield code="b">nc</subfield>
    <subfield code="2">rdacarrier</subfield>
  </datafield>
  <datafield tag="700" ind1="1" ind2=" ">
    <subfield code="a">Ram&#xED;rez Bogante, &#xC1;lvaro,</subfield>
    <subfield code="e">coordinador</subfield>
    <subfield code="4">coord.</subfield>
    <subfield code="9">88064</subfield>
  </datafield>
  <datafield tag="700" ind1="1" ind2=" ">
    <subfield code="a">L&#xF3;pez Jorge, Mirian </subfield>
    <subfield code="e">coordinador</subfield>
    <subfield code="4">coord.</subfield>
    <subfield code="9">88065</subfield>
  </datafield>
  <datafield tag="700" ind1="1" ind2=" ">
    <subfield code="a">Moronta, Alfredo </subfield>
    <subfield code="e">fot&#xF3;grafo</subfield>
    <subfield code="4">fot.</subfield>
    <subfield code="9">88066</subfield>
  </datafield>
  <datafield tag="910" ind1=" " ind2=" ">
    <subfield code="a">LP</subfield>
  </datafield>
  <datafield tag="942" ind1=" " ind2=" ">
    <subfield code="2">ddc</subfield>
    <subfield code="c">LBS1</subfield>
  </datafield>
  <datafield tag="952" ind1=" " ind2=" ">
    <subfield code="0">0</subfield>
    <subfield code="1">0</subfield>
    <subfield code="2">ddc</subfield>
    <subfield code="5">1</subfield>
    <subfield code="7">0</subfield>
    <subfield code="8">PD</subfield>
    <subfield code="a">BNPHU</subfield>
    <subfield code="b">BNPHU</subfield>
    <subfield code="c">CT</subfield>
    <subfield code="d">2019-04-12</subfield>
    <subfield code="e">Donaci&#xF3;n</subfield>
    <subfield code="l">0</subfield>
    <subfield code="o">xxx I61s</subfield>
    <subfield code="p">2025-5088</subfield>
    <subfield code="r">2025-06-11</subfield>
    <subfield code="w">2025-06-11</subfield>
    <subfield code="y">LBS1</subfield>
  </datafield>
  <datafield tag="999" ind1=" " ind2=" ">
    <subfield code="c">59230</subfield>
    <subfield code="d">59230</subfield>
  </datafield>
</record>
